Milan AC - Transferts les plus chers - Statistiques

Statistiques générales
  • Ce quiz a été pris 42 fois
  • Le résultat moyen est 22 sur 50
Statistiques - réponses
Saison Nationalité Montant Provenance Réponse % Correct
19/20 Portugal 49 M€ Lille Rafael Leão
100%
17/18 Italie 42 M€ Juventus Leonardo Bonucci
84%
25/26 France 37 M€ Chelsea Christopher Nkunku
79%
18/19 Brésil 38 M€ Flamengo Lucas Paquetá
68%
23/24 USA 20 M€ Chelsea Christian Pulisic
61%
21/22 Angleterre 35 M€ Chelsea Fikayo Tomori
61%
19/20 Côte d'Ivoire 32 M€ Atalanta Bergame Franck Kessié
61%
18/19 Pologne 35 M€ Genoa Krzysztof Piatek
61%
11/12 Suède 24 M€ FC Barcelone Zlatan Ibrahimović
61%
22/23 Belgique 37 M€ Club Bruges KV Charles De Ketelaere
58%
23/24 Angleterre 18 M€ Chelsea Ruben Loftus-Cheek
58%
19/20 France 22 M€ Real Madrid Theo Hernández
58%
01/02 Italie 17 M€ Inter Milan Andrea Pirlo
55%
25/26 Equateur 17 M€ Brighton Pervis Estupiñán
55%
24/25 France 26 M€ AS Monaco Youssouf Fofana
55%
02/03 Italie 31 M€ Lazio Rome Alessandro Nesta
53%
99/00 Ukraine 23 M€ Dynamo Kiev Andriy Shevchenko
53%
15/16 Colombie 33 M€ FC Séville Carlos Bacca
50%
17/18 Turquie 23 M€ Bayer Leverkusen Hakan Çalhanoğlu
50%
08/09 Brésil 24 M€ FC Barcelone Ronaldinho
50%
01/02 Portugal 41 M€ Fiorentina Rui Costa
50%
01/02 Italie 36 M€ Juventus Filippo Inzaghi
47%
19/20 Algérie 17 M€ Empoli Ismaël Bennacer
47%
10/11 Brésil 21 M€ Manchester City Robinho
47%
24/25 Mexique 30 M€ Feyenoord Santiago Gimenez
47%
24/25 Serbie 18 M€ RB Salzbourg Strahinja Pavlović
47%
17/18 Portugal 38 M€ FC Porto André Silva
45%
25/26 Suisse 36 M€ Club Bruges KV Ardon Jashari
45%
12/13 Italie 20 M€ Manchester City Mario Balotelli
45%
23/24 Nigeria 21 M€ Villarreal Samuel Chukwueze
42%
02/03 Pays Bas 22 M€ Inter Milan Clarence Seedorf
39%
25/26 Italie 23 M€ Torino Samuele Ricci
37%
15/16 Italie 25 M€ AS Rome Alessio Romagnoli
34%
24/25 Espagne 17 M€ Atlético Madrid Álvaro Morata
34%
23/24 USA 21 M€ Valence CF Yunus Musah
34%
18/19 Uruguay 19 M€ Genoa Diego Laxalt
32%
23/24 Pays Bas 24 M€ AZ Alkmaar Tijjani Reijnders
32%
17/18 Argentine 18 M€ Villarreal Mateo Musacchio
26%
07/08 Brésil 24 M€ Internacional Porto Alegre Alexandre Pato
24%
25/26 Belgique 20 M€ Genoa Koni De Winter
24%
11/12 Italie 20 M€ Genoa Stephan El Shaarawy
24%
18/19 Italie 37 M€ Juventus Mattia Caldara
21%
18/19 Croatie 22 M€ Fiorentina Nikola Kalinić
21%
17/18 Italie 24 M€ Atalanta Bergame Andrea Conti
18%
18/19 Espagne 21 M€ Villarreal Samu Castillejo
18%
17/18 Argentine 19 M€ Lazio Rome Lucas Biglia
16%
00/01 Argentine 17 M€ Real Madrid Fernando Redondo
11%
05/06 Italie 25 M€ Parme Alberto Gilardino
8%
15/16 Italie 21 M€ AS Rome Andrea Bertolacci
8%
99/00 Espagne 19 M€ Atlético Madrid José Mari
5%
Aucun quiz correspondant
Distribution des résultats
% des personnes avec chaque résultat
Percentile par nombre de réponses
Votre historique - résultats
Vous n’avez pas pris ce quiz